Länder in Europa die... - Statistiken

Allgemein
  • Dieses Quiz wurde 495 mal gespielt
  • Das Durchschnittsergebnis liegt bei 65 aus 80
Antwortstatistiken
Frage Kachel Select % Korrekt
in einer Monarchie leben Polen Nein
98%
in einer Monarchie leben Schweiz Nein
97%
in einer Monarchie leben Frankreich Nein
96%
in einer Monarchie leben Irland Nein
96%
in einer Monarchie leben Italien Nein
96%
größer als Deutschland sind (Fläche) Österreich Nein
95%
schon mal Fußball-Weltmeister geworden sind Ukraine Nein
95%
schon mal Fußball-Weltmeister geworden sind Dänemark Nein
94%
schon mal Fußball-Weltmeister geworden sind Norwegen Nein
94%
schon mal Fußball-Weltmeister geworden sind Norwegen Nein
94%
schon mal Fußball-Weltmeister geworden sind Schweiz Nein
94%
größer als Deutschland sind (Fläche) Ungarn Nein
94%
größer als Deutschland sind (Fläche) Bulgarien Nein
93%
schon mal Fußball-Weltmeister geworden sind Deutschland Ja
93%
keine Meeresanbindung haben Estland Nein
92%
größer als Deutschland sind (Fläche) Griechenland Nein
92%
schon mal Fußball-Weltmeister geworden sind Schweden Nein
92%
mehr als 40 Mio. Einwohner haben Belgien Nein
91%
schon mal Fußball-Weltmeister geworden sind Frankreich Ja
91%
mehr als 40 Mio. Einwohner haben Kroatien Nein
91%
mehr als 40 Mio. Einwohner haben Deutschland Ja
90%
schon mal Fußball-Weltmeister geworden sind Kroatien Nein
90%
keine Meeresanbindung haben Monaco Nein
90%
schon mal Fußball-Weltmeister geworden sind Russland Nein
90%
größer als Deutschland sind (Fläche) Russland Ja
90%
in einer Monarchie leben Vereinigtes Königreich Ja
90%
schon mal Fußball-Weltmeister geworden sind Belgien Nein
89%
mehr als 40 Mio. Einwohner haben Finnland Nein
89%
mehr als 40 Mio. Einwohner haben Frankreich Ja
89%
keine Meeresanbindung haben Lettland Nein
89%
mehr als 40 Mio. Einwohner haben Niederlande Nein
88%
mehr als 40 Mio. Einwohner haben Russland Ja
87%
keine Meeresanbindung haben Schweiz Ja
87%
keine Meeresanbindung haben Belgien Nein
86%
keine Meeresanbindung haben Luxembourg Ja
86%
mehr als 40 Mio. Einwohner haben Portugal Nein
86%
mehr als 40 Mio. Einwohner haben Vereinigtes Königreich Ja
86%
größer als Deutschland sind (Fläche) Frankreich Ja
85%
keine Meeresanbindung haben Litauen Nein
85%
schon mal Fußball-Weltmeister geworden sind Italien Ja
84%
schon mal Fußball-Weltmeister geworden sind Spanien Ja
84%
mehr als 40 Mio. Einwohner haben Griechenland Nein
83%
größer als Deutschland sind (Fläche) Italien Nein
82%
mehr als 40 Mio. Einwohner haben Schweden Nein
82%
in einer Monarchie leben San Marino Nein
81%
mehr als 40 Mio. Einwohner haben Spanien Ja
81%
schon mal Fußball-Weltmeister geworden sind England Ja
80%
keine Meeresanbindung haben Andorra Ja
79%
mehr als 40 Mio. Einwohner haben Italien Ja
79%
mehr als 40 Mio. Einwohner haben Rumänien Nein
79%
in einer Monarchie leben Schweden Ja
78%
in einer Monarchie leben Spanien Ja
78%
größer als Deutschland sind (Fläche) Ukraine Ja
78%
größer als Deutschland sind (Fläche) Rumänien Nein
77%
größer als Deutschland sind (Fläche) Weißrussland Nein
77%
keine Meeresanbindung haben Kosovo Ja
76%
schon mal Fußball-Weltmeister geworden sind Niederlande Nein
76%
keine Meeresanbindung haben Serbien Ja
76%
keine Meeresanbindung haben Slowenien Nein
76%
größer als Deutschland sind (Fläche) Vereinigtes Königreich Nein
76%
keine Meeresanbindung haben Rumänien Nein
75%
in einer Monarchie leben Monaco Ja
74%
in einer Monarchie leben Niederlande Ja
74%
keine Meeresanbindung haben Weißrussland Ja
74%
größer als Deutschland sind (Fläche) Polen Nein
73%
keine Meeresanbindung haben Nordmazedonien Ja
72%
keine Meeresanbindung haben San Marino Ja
68%
in einer Monarchie leben Norwegen Ja
67%
schon mal Fußball-Weltmeister geworden sind Portugal Nein
67%
keine Meeresanbindung haben Moldawien Ja
64%
in einer Monarchie leben Belgien Ja
61%
größer als Deutschland sind (Fläche) Schweden Ja
61%
größer als Deutschland sind (Fläche) Finnland Nein
60%
größer als Deutschland sind (Fläche) Spanien Ja
60%
in einer Monarchie leben Liechtenstein Ja
56%
mehr als 40 Mio. Einwohner haben Ukraine Ja
56%
größer als Deutschland sind (Fläche) Norwegen Nein
55%
in einer Monarchie leben Luxemburg Ja
50%
mehr als 40 Mio. Einwohner haben Polen Nein
50%
in einer Monarchie leben Andorra Ja
40%
Keine übereinstimmenden Quizze gefunden
Verteilung der Resultate
Anzahl Personen mit jedem Resultat
Perzentil nach korrekt beantworteten Fragen
Ihre Resultats-Entwicklung
Sie haben dieses Quiz noch nicht gespielt